1736 1412 1070 1144 1545 1000 1048 1912 1974 1471 1692 1316 1817 1563 1642 1716 1711 1300 1359 1936 1876 1788 1710 1534 1773 1904 1625 1795 1738 1790 1381 1758 1634 1875 1503 1898 1747 1302 1385 1139 1841 1622 1263 1908 1774 1380 1203 1247 1195 1831 1932 1075 1414 1134 1213 1957 1317 1519 1996 1581 1123 1925 1099 1163 1293 1993 1722 1902 1446 1935 1310 1713 1470 1207 1657 1234 1750 1106 1330 1143 1263 1848 1204 1120 1786 1309 1947 1723 1253 1882 1719 1691 1274 1317 1066 1228 1596 1314 1825 BCNSPRNW ULIB Ver.6.0+V

เปลี่ยนเป็นภาษาไทย

Change to English
 แสดงรายละเอียดบรรณานุกรม
  กลับหน้าหลัก

Brief Record : Get Marc (ISO 2709) : E-mail record : QR code < ปิดหน้าต่าง
LEADER : 00000nam 2200000uu 4500
001    13399126489
003     ULIB
008    180921s2560||||th 000 0 tha d
020    ^a9786169299127
040    ^abnc
060 04 ^aWY105^bค181
245 00 ^aการพยาบาลเพื่อความปลอดภัย : สมรรถนะพยาบาล CVT /^cเพ็ญจันทร์ แสนประสาน;บรรณาธิการ, ดวงกมล วัตราดุลย์, บุปผาวัลย์ ศรีล้ำ
250    ^aพิมพ์ครั้งที่ 2
260    ^aกรุงเทพฯ :^bสุขขุมวิทการพิมพ์,^c2560
300    ^a[5], 255 หน้า :^bตาราง ;^c28 ซม.
500    ^aชื่อเรื่องหน้าปก : การพยาบาลเพื่อความปลอดภัย : สมรรถนะพยาบาล CVT
650  4 ^aความปลอดภัย^xพยาบาล
650  4 ^aการพยาบาล, การดูแล
650  4 ^aความปลอดภัยของผู้ป่วย^xการรักษา
650  4 ^aสมรรถนะ^xพยาบาล
700 0  ^aเพ็ญจันทร์ แสนประสาน,^eบรรณธิการ.
700 0  ^aดวงกมล วัตราดุลย์
700 0  ^aบุปผาวัลย์ ศรีล้ำ
945    ^p280^l0^i26697
945    ^p280^l0^i26690
945    ^p280^l0^i26691
945    ^p280^l0^i26698
999    ^aกัณชพร จุลอักษร
รายการนี้ยังไม่มีแท็ก
คุณยังไม่ได้ล็อกอิน คุณสามารถมีกิจกรรมร่วมกับเว็บไซต์ได้ แต่ต้องล็อกอินก่อน ::
  ล็อกอิน

รายการสื่อสารสนเทศ

ลำดับที่ ประเภท เลขเรียก/บาร์โค้ด สถานที่ สถานะ
1. หนังสือสำรอง
หนังสือสำรอง
WY105 ค181 ฉ.1 
  Barcode: 26690
ห้องสมุดวิทยาเขตนครสวรรค์
►หนังสือทั่วไป:l:General Books
บนชั้น
2. วิทยาศาสตร์การแพทย์ และสุขภาพ
วิทยาศาสตร์การแพทย์ และสุขภาพ
WY105 ค181 ฉ.2 
  Barcode: 26691
ห้องสมุดวิทยาเขตนครสวรรค์
►หนังสือทั่วไป:l:General Books
บนชั้น
3. วิทยาศาสตร์การแพทย์ และสุขภาพ
วิทยาศาสตร์การแพทย์ และสุขภาพ
WY105 ค181 ฉ.3 
  Barcode: 26697
ห้องสมุดวิทยาเขตนครสวรรค์
►หนังสือทั่วไป:l:General Books
บนชั้น
4. วิทยาศาสตร์การแพทย์ และสุขภาพ
วิทยาศาสตร์การแพทย์ และสุขภาพ
WY105 ค181 ฉ.4 
  Barcode: 26698
ห้องสมุดวิทยาเขตนครสวรรค์
►หนังสือทั่วไป:l:General Books
บนชั้น

รายการใกล้เคียง
    หัวเรื่อง [การพยาบาล, การดูแล]

BibComment


ยังไม่เคยถูกคอมเมนท์

คอมเมนท์ทรัพยากรรายการนี้
  คอมเมนท์: การพยาบาลเพื่อคว..


 Copyright 2026. Bcnsprnw @Library